拼音以A开头的国家 Countries pinyin starting with A - Statistics

General Stats
  • This quiz has been taken 96 times
  • The average score is 11 of 16
Answer Stats
国家 % Correct
阿尔及利亚
86%
阿塞拜疆
81%
阿尔巴尼亚
78%
安哥拉
77%
阿富汗
75%
阿曼
75%
澳大利亚
75%
安道尔
74%
阿拉伯联合酋长国
71%
阿根廷
70%
奥地利
68%
埃及
63%
爱尔兰
63%
爱沙尼亚
62%
安提瓜和巴布达
60%
埃塞俄比亚
49%
No matching quizzes found
Score Distribution
Percent of People with Each Score
Percentile by Number Answered
Your Score History
You have not taken this quiz